Detalles MARC
| 000 -CABECERA |
| campo de control de longitud fija |
02369nam a2200205 a 4500 |
| 001 - NÚMERO DE CONTROL |
| campo de control |
000045894 |
| 005 - FECHA Y HORA DE LA ÚLTIMA TRANSACCIÓN |
| campo de control |
20240226184457.0 |
| 008 - DATOS DE LONGITUD FIJA--INFORMACIÓN GENERAL |
| campo de control de longitud fija |
150526s2015 dr 000 0 spa d |
| 020 ## - NÚMERO INTERNACIONAL ESTÁNDAR DEL LIBRO |
| Número Internacional Estándar del Libro |
9789945492668 |
| 040 ## - FUENTE DE LA CATALOGACIÓN |
| Centro catalogador/agencia de origen |
DO-SdBNP |
| Lengua de catalogación |
spa |
| Centro/agencia transcriptor |
BNPHU |
| 082 ## - NÚMERO DE LA CLASIFICACIÓN DECIMAL DEWEY |
| Número de clasificación |
xxxx |
| Número de documento/Ítem |
xxxx |
| 245 00 - MENCIÓN DE TÍTULO |
| Título |
Memoria : |
| Resto del título |
Premio Internacional Pedro Henríquez Ureña 2014 otorgado al poeta nicaragüense Ernesto Crdenal y al escritor uruguayu Eduardo Galeando / |
| Mención de responsabilidad, etc. |
compilador, editor Luis O. Brea Franco ; prólogo Luis O. Brea Franco. |
| 260 ## - PUBLICACIÓN, DISTRIBUCIÓN, ETC. |
| Lugar de publicación, distribución, etc. |
Santo Domingo : |
| Nombre del editor, distribuidor, etc. |
Ministerio de Cultura, |
| -- |
Nacional, |
| Fecha de publicación, distribución, etc. |
2015. |
| 300 ## - DESCRIPCIÓN FÍSICA |
| Extensión |
159 p. : |
| Otras características físicas |
il. ; |
| Dimensiones |
23 cm. |
| 500 ## - NOTA GENERAL |
| Nota general |
Incluye referencias bibliográficas y notas al pie de las páginas. |
| 504 ## - NOTA DE BIBLIOGRAFÍA, ETC. |
| Nota de bibliografía, etc. |
Bibliografía p. 155-156 |
| 505 0# - NOTA DE CONTENIDO CON FORMATO |
| Nota de contenido con formato |
Palabras del honorable señor ministro de cultura de la República Dominicana José Antonio Rodríguez, en el acto de entrega del Premio Internacional Pedro Henríquez Ureña, 24 de abril de 2014 -- |
| Título |
Dictamen Premio Internacional Pedro Henríquez Ureña que se otorga al escritor nicaragüense Ernesto Crdenal -- |
| -- |
Dictamen Premio Internacional Pedro Henríquez Ureña que se otorga al escritor uruguayo Ernesto Crdenal -- |
| -- |
Lección magistral del galardonado Ernesto Cardenal -- |
| -- |
Coloquio José Emilio Pacheco -- |
| -- |
José Emilio Pacheco, tiempo de poesía y poesía de tiempo / |
| Mención de responsabilidad |
Liliana Weinberg -- |
| Título |
Usted se enteró de lejos: La problemática del autor y la autoridad en morirás lejos de José Emilio Pacheco / |
| Mención de responsabilidad |
Ramón Victoriano-Martínez -- |
| Título |
Coloquio Pedro Henríquez Ureña |
| Mención de responsabilidad |
Pedro Henríquez Ureña: La historia de la cultura en cuanto campo de batalla / |
| -- |
Rafael Mondragón -- |
| Título |
Pedro Henríquez Ureña ¿entre primicias y olvidos? / |
| Mención de responsabilidad |
Sherezada (Chiqui) Vicioso -- |
| Título |
Pedro Henríquez Ureña y la práctica de la crítica musical / |
| Mención de responsabilidad |
Berenice Villagómez -- |
| Título |
Coloquio sobre la obra de Galeano / |
| -- |
Disertación sobre la obra de Galeano: El derecho a la palabra. Eduardo Galeano y la América Latina del siglo XXI / |
| Mención de responsabilidad |
Jorge Carlos Guerrero -- |
| Título |
Coloquio sobre la obra de Ernesto Cardenal -- |
| -- |
El sustrato espiritual de la poesía moderna / |
| Mención de responsabilidad |
José Luis Vega -- |
| Título |
La poesía es un estado de la materia: poesía beatnik y misticismo científico en el Canto Cósmico, de Ernesto Cardenal / |
| Mención de responsabilidad |
Elidio la Torre Lagares , PH. D. |
| 586 ## - NOTA DE PREMIOS |
| Nota de premios |
Premio Internacional Pedro Henríquez Ureña |
| 700 12 - PUNTO DE ACCESO ADICIONAL--NOMBRE DE PERSONA |
| Nombre de persona |
Brea Franco, Luis O. |
| Término indicativo de función/relación |
comp. |
| 9 (RLIN) |
7125 |